000 005070000a22002050004500
003 LK-CoMWRAF
005 20230825072157.0
008 230817t1988 ||||| |||| 00| 0 eng d
020 _a0959227164
040 _aLK-CoMWRAF
_dLK-CoMWRAF
_eLK-CoMWRAF
041 _aeng
082 _a180
_bCHU
100 _aChurch, Anthea
245 _aThe Arts of life
260 _bEternity Ink
_aAustralia
_c1988
300 _a38 p
650 _aArt of Administration:
650 _aArt of Communication
942 _cBK
999 _c2085
_d2085